|
|
|
|
| LEADER |
01385nam a2200397 a 4500 |
| 001 |
nkc20122391110 |
| 003 |
CZ PrNK |
| 005 |
20160915235012.0 |
| 007 |
ta |
| 008 |
120814s2012 xr a g 000 h cze |
| 015 |
|
|
|a cnb002391110
|
| 020 |
|
|
|a 978-80-7244-328-4
|q (váz.) :
|c Kč 250,00
|
| 035 |
|
|
|a (OCoLC)817048706
|
| 040 |
|
|
|a OLA001
|b cze
|d ABA001
|
| 072 |
|
7 |
|a 821-1/-8
|x Literatura různých forem a žánrů
|2 Konspekt
|9 25
|
| 080 |
|
|
|a 17.02
|2 MRF
|
| 080 |
|
|
|a 82-7
|2 MRF
|
| 080 |
|
|
|a (0:82-84)
|2 MRF
|
| 100 |
1 |
|
|a Žáček, Jiří,
|d 1945-
|7 jk01152946
|4 aut
|
| 245 |
1 |
0 |
|a Tak pravil XY /
|c Jiří Žáček ; [ilustrace Michal Hrdý]
|
| 250 |
|
|
|a 1. vyd.
|
| 260 |
|
|
|a Praha :
|b Šulc - Švarc,
|c 2012
|
| 300 |
|
|
|a 109 s. :
|b il. ;
|c 21 cm
|
| 500 |
|
|
|a Rozložená tit. s.
|
| 650 |
0 |
7 |
|a životní moudrost
|7 ph128026
|x humor
|2 czenas
|
| 650 |
0 |
9 |
|a life wisdom
|x humor
|2 eczenas
|
| 655 |
|
7 |
|a aforismy
|7 fd131784
|2 czenas
|
| 655 |
|
9 |
|a aphorisms
|2 eczenas
|
| 700 |
1 |
|
|a Hrdý, Michal,
|d 1959-2003
|7 mzk2003184368
|4 ill
|
| 856 |
4 |
1 |
|u http://www.digitalniknihovna.cz/mzk/uuid/uuid:6a79ad50-62c4-11e6-8e4e-005056827e51
|y Digitalizovaný dokument
|x NDK
|
| 910 |
2 |
|
|a BOA001
|b 2-1292.265
|
| 928 |
9 |
|
|a Švarc - Šulc
|
| 990 |
|
|
|a BK
|
| 995 |
|
|
|a 01
|
| 991 |
|
|
|b 201210
|e b
|
| 996 |
6 |
|
|b 2610524003
|c 2-1292.265
|l MZK
|r Sklad / do 1 hodiny
|n 1
|p p.v.
|w 001285198
|u 000010
|a 1
|e BOA001
|j MZK50
|s P
|